Vươn Chang Hằm : Dân ca Giáy
Tập hợp các bài dân ca dân tộc Giáy dành cho con trai và con gái làng này hát với làng kia khi gặp nhau - những bài dân ca hát về đêm.
Tallennettuna:
| Päätekijä: | |
|---|---|
| Aineistotyyppi: | Kirja |
| Kieli: | Undetermined |
| Julkaistu: |
Hà Nội
Thanh niên
2011
|
| Aiheet: | |
| Tagit: |
Lisää tagi
Ei tageja, Lisää ensimmäinen tagi!
|
| Thư viện lưu trữ: | Trung tâm Học liệu Trường Đại học Cần Thơ |
|---|
| LEADER | 00760nam a2200205Ia 4500 | ||
|---|---|---|---|
| 001 | CTU_170645 | ||
| 008 | 210402s9999 xx 000 0 und d | ||
| 082 | |a 398.8597 | ||
| 082 | |b S306 | ||
| 100 | |a Lù, Dín Siềng | ||
| 245 | 0 | |a Vươn Chang Hằm : | |
| 245 | 0 | |b Dân ca Giáy | |
| 245 | 0 | |c Lù Dín Siềng | |
| 260 | |a Hà Nội | ||
| 260 | |b Thanh niên | ||
| 260 | |c 2011 | ||
| 520 | |a Tập hợp các bài dân ca dân tộc Giáy dành cho con trai và con gái làng này hát với làng kia khi gặp nhau - những bài dân ca hát về đêm. | ||
| 650 | |a Folk-song, Vietnamese,Dân ca Việt Nam | ||
| 904 | |i Trọng Hải | ||
| 980 | |a Trung tâm Học liệu Trường Đại học Cần Thơ | ||